[Event "NRW Class2 1314"]
[Site "Germany"]
[Date "2014.04.06"]
[Round "8.6"]
[White "Graw, Christopher"]
[Black "Kuckling, Hannah"]
[Result "1-0"]
[WhiteElo "2159"]
[BlackElo "1991"]
[PlyCount "107"]
[EventDate "2013.09.15"]
[EventType "team-tourn"]
[EventRounds "9"]
[EventCountry "GER"]
[SourceTitle "EXT 2015"]
[Source "ChessBase"]
[SourceDate "2014.11.20"]
[SourceVersion "1"]
[SourceVersionDate "2014.11.20"]
[SourceQuality "1"]
[WhiteTeam "Herne Sodingen"]
[BlackTeam "Lippstadt Turm"]
[WhiteTeamCountry "GER"]
[BlackTeamCountry "GER"]

1. d4 Nf6 2. c4 g6 3. Nc3 Bg7 4. e4 d6 5. Be2 0-0 6. Bg5 Nbd7 7. Qd2 e5 8. d5 a5 9. Bd1 Nc5 10. f3 Bd7 11. Nge2 Qe8 12. Bc2 b5 13. cxb5 Bxb5 14. 0-0 Ba6 15. Rfc1 Rb8 16. b3 Nfd7 17. g4 f6 18. Be3 Qe7 19. Rab1 Rb7 20. Ng3 Rfb8 21. Nd1 Rb4 22. a3 Nxb3 23. Bxb3 Rxb3 24. Rxb3 Rxb3 25. Qxa5 Bb5 26. a4 Bd3 27. Rc3 Rxc3 28. Qxc3 Ba6 29. Qxc7 Bf8 30. Qa7 Bc8 31. Nc3 Nc5 32. Qb8 Qb7 33. Qxb7 Bxb7 34. Kf2 Na6 35. Ke2 Nb4 36. Kd2 Be7 37. Nb5 Kf7 38. Kc3 Na6 39. Nf1 Ke8 40. Nd2 Kd7 41. Nc4 Bf8 42. Bc1 Nc5 43. Nb6+ Kd8 44. Ba3 Ba6 45. Bxc5 dxc5 46. Nc4 Kd7 47. Nb2 Kc8 48. Kc4 Kb7 49. a5 Be7 50. Na4 Bxb5+ 51. Kxb5 c4 52. Kxc4 Ka6 53. Nc5+ Kxa5 54. d6 1-0

[Event "NRW Class2 1213"]
[Site "Germany"]
[Date "2012.11.18"]
[Round "3.1"]
[White "Graw, Christopher"]
[Black "Cuijpers, Frans Andre"]
[Result "0-1"]
[WhiteElo "2177"]
[BlackElo "2405"]
[PlyCount "112"]
[EventDate "2012.09.16"]
[EventType "team-tourn"]
[EventRounds "9"]
[EventCountry "GER"]
[SourceTitle "EXT 2017"]
[Source "ChessBase"]
[SourceDate "2016.10.25"]
[SourceVersion "1"]
[SourceVersionDate "2016.10.25"]
[SourceQuality "1"]
[WhiteTeam "Herne Sodingen"]
[BlackTeam "Muenster"]
[WhiteTeamCountry "GER"]
[BlackTeamCountry "GER"]

1. e4 d6 2. d4 Nf6 3. Nc3 g6 4. h3 Bg7 5. Be3 c6 6. a4 0-0 7. g4 Qa5 8. Qd2 e5 9. Nge2 Nbd7 10. Bg2 b5 11. b4 Qxb4 12. axb5 cxb5 13. 0-0 Qc4 14. Rfb1 b4 15. Nd5 Nxd5 16. exd5 Ba6 17. Bf1 Bb7 18. Qxb4 Qxb4 19. Rxb4 Bxd5 20. Rba4 exd4 21. Bxd4 Ne5 22. Bg2 Bxg2 23. Kxg2 Nc6 24. Bxg7 Kxg7 25. Nd4 Rfc8 26. Nxc6 Rxc6 27. Rxa7 Rxa7 28. Rxa7 Rxc2 29. g5 Rc5 30. h4 Rf5 31. Kg3 h5 32. f4 Rd5 33. Kf3 Rd3+ 34. Ke4 Rh3 35. Rd7 Rxh4 36. Rxd6 Rh1 37. Rd8 Rf1 38. Ra8 Rf2 39. Ke3 Rf1 40. Rb8 Ra1 41. Ke4 Ra3 42. Rc8 h4 43. Rc2 h3 44. Rb2 Rg3 45. Rh2 f6 46. gxf6+ Kxf6 47. Rb2 Kg7 48. f5 g5 49. Rb7+ Kh6 50. Rb8 Kh5 51. Rh8+ Kg4 52. f6 Rf3 53. Rh6 Rf1 54. Ke5 Kg3 55. Ke6 h2 56. f7 g4 0-1

[Event "BL2-West 0910"]
[Site "Germany"]
[Date "2010.04.11"]
[Round "9.3"]
[White "Sonntag, Hans Hubert"]
[Black "Graw, Christopher"]
[Result "1-0"]
[WhiteElo "2228"]
[BlackElo "2273"]
[PlyCount "59"]
[EventDate "2009.10.18"]
[EventType "team-tourn"]
[EventRounds "9"]
[EventCountry "GER"]
[SourceTitle "EXT 2011"]
[Source "ChessBase"]
[SourceDate "2010.11.26"]
[SourceVersion "1"]
[SourceVersionDate "2010.11.26"]
[SourceQuality "1"]
[WhiteTeam "Aachen"]
[BlackTeam "Wattenscheid"]
[WhiteTeamCountry "GER"]
[BlackTeamCountry "GER"]

1. d4 d6 2. Nf3 Bg4 3. e4 Nf6 4. Bd3 e5 5. dxe5 dxe5 6. h3 Bh5 7. Nbd2 Nbd7 8. Qe2 c6 9. Nc4 Qc7 10. a4 Be7 11. Bg5 0-0 12. g4 Bg6 13. Nh4 Rfe8 14. Nf5 Bf8 15. 0-0 h5 16. Kg2 Nh7 17. Be3 hxg4 18. hxg4 Bc5 19. Bd2 b5 20. axb5 cxb5 21. Nce3 Qb7 22. f3 a6 23. b4 Bxe3 24. Bxe3 Qb8 25. Rh1 Ndf8 26. c4 bxc4 27. Bxc4 Qxb4 28. Rhb1 Qc3 29. Bd2 Qc2 30. Ne3 1-0

[Event "BL2-West 0910"]
[Site "Germany"]
[Date "2009.12.13"]
[Round "4.7"]
[White "Graw, Christopher"]
[Black "Balduan, Markus"]
[Result "1/2-1/2"]
[WhiteElo "2273"]
[BlackElo "2323"]
[PlyCount "50"]
[EventDate "2009.10.18"]
[EventType "team-tourn"]
[EventRounds "9"]
[EventCountry "GER"]
[SourceTitle "EXT 2011"]
[Source "ChessBase"]
[SourceDate "2010.11.26"]
[SourceVersion "1"]
[SourceVersionDate "2010.11.26"]
[SourceQuality "1"]
[WhiteTeam "Wattenscheid"]
[BlackTeam "Solingen"]
[WhiteTeamCountry "GER"]
[BlackTeamCountry "GER"]

1. d4 d5 2. c4 e6 3. Nc3 Nf6 4. cxd5 exd5 5. Bg5 c6 6. e3 Qb6 7. Bxf6 Qxb2 8. Qc1 Ba3 9. Nxd5 Qxc1+ 10. Rxc1 gxf6 11. Rc4 Na6 12. Rc3 Bd6 13. Bxa6 cxd5 14. Bb5+ Bd7 15. Bxd7+ Kxd7 16. Ke2 b5 17. Nf3 b4 18. Rc2 a5 19. Rb1 Rhc8 20. Rxc8 Rxc8 21. Kd2 Rc4 22. Ne1 Kc6 23. Nd3 Kb5 24. g3 a4 25. Rb2 Rc3 1/2-1/2

[Event "BL2-West 0910"]
[Site "Germany"]
[Date "2009.10.18"]
[Round "1.6"]
[White "Buchal, Stephan"]
[Black "Graw, Christopher"]
[Result "1/2-1/2"]
[WhiteElo "2330"]
[BlackElo "2273"]
[PlyCount "131"]
[EventDate "2009.10.18"]
[EventType "team-tourn"]
[EventRounds "9"]
[EventCountry "GER"]
[SourceTitle "EXT 2011"]
[Source "ChessBase"]
[SourceDate "2010.11.26"]
[SourceVersion "1"]
[SourceVersionDate "2010.11.26"]
[SourceQuality "1"]
[WhiteTeam "Hofheim"]
[BlackTeam "Wattenscheid"]
[WhiteTeamCountry "GER"]
[BlackTeamCountry "GER"]

1. e4 c5 2. Nf3 d6 3. Bc4 Nc6 4. Qe2 Nf6 5. h3 e6 6. Bb3 Na5 7. Ba4+ Bd7 8. Bxd7+ Qxd7 9. 0-0 Be7 10. e5 Nd5 11. d3 0-0 12. c4 Nb4 13. Nc3 Rad8 14. Rd1 Nbc6 15. exd6 Qxd6 16. Be3 b6 17. d4 cxd4 18. Nxd4 Qe5 19. Nf3 Qf5 20. Rac1 Bf6 21. Nb5 Nb7 22. b3 Qe4 23. Rxd8 Rxd8 24. Rd1 Nc5 25. Rxd8+ Bxd8 26. Nd2 Qd3 27. Qxd3 Nxd3 28. Kf1 Kf8 29. Ne4 Ndb4 30. a4 Ke7 31. c5 Nd5 32. Bd2 f5 33. Ned6 a6 34. Nc3 bxc5 35. Nxf5+ exf5 36. Nxd5+ Kd6 37. Ne3 Nd4 38. Bc3 Bf6 39. Nc4+ Kd5 40. Ne3+ Ke4 41. b4 f4 42. Ng4 Kd3 43. Bxd4 cxd4 44. b5 axb5 45. axb5 Bd8 46. Ne5+ Kc2 47. Ke2 Bc7 48. Nd3 Kc3 49. b6 Bxb6 50. Nxf4 Bc7 51. Nd5+ Kc2 52. Nb4+ Kc1 53. f4 Bd6 54. Nd3+ Kc2 55. g4 Be7 56. Ne1+ Kc3 57. Nd3 Bd6 58. h4 g6 59. h5 gxh5 60. gxh5 h6 61. f5 Be7 62. Nf4 Bg5 63. Nd3 Kc4 64. Ne5+ Kd5 65. Nf3 Bf6 66. Nxd4 1/2-1/2

[Event "NRW Class1 0708"]
[Site "Germany"]
[Date "2008.04.06"]
[Round "8.4"]
[White "Peschlow, Patrick"]
[Black "Graw, Christopher"]
[Result "1/2-1/2"]
[WhiteElo "2290"]
[BlackElo "2217"]
[PlyCount "70"]
[EventDate "2007.09.16"]
[EventType "team"]
[EventRounds "9"]
[EventCountry "GER"]
[SourceTitle "EXT 2009"]
[Source "ChessBase"]
[SourceDate "2008.11.26"]
[SourceVersion "1"]
[SourceVersionDate "2008.11.26"]
[SourceQuality "1"]
[WhiteTeam "Koeln Porz II"]
[BlackTeam "Wattenscheid II"]
[WhiteTeamCountry "GER"]
[BlackTeamCountry "GER"]

1. e4 c5 2. Nc3 e6 3. Nf3 a6 4. d4 cxd4 5. Nxd4 d6 6. Be2 Nf6 7. 0-0 Nbd7 8. f4 b5 9. Bf3 Bb7 10. Re1 Rc8 11. a4 b4 12. Nd5 e5 13. Nf5 g6 14. fxe5 Nxe5 15. Nd4 Nxd5 16. exd5 Bg7 17. Bf4 0-0 18. Bxe5 Bxe5 19. Nc6 Bxc6 20. dxc6 Bxb2 21. Rb1 Bc3 22. Rf1 Rxc6 23. Bxc6 Qb6+ 24. Kh1 Qxc6 25. a5 Qc5 26. Rf3 Qxa5 27. Qxd6 Qa2 28. Rbf1 Qxc2 29. Qxa6 Qe4 30. Qa2 Qe7 31. Qb3 Kg7 32. Rd3 Qe2 33. Rdf3 Qe7 34. Rd3 Qe2 35. Rdf3 Qe7 1/2-1/2

[Event "Oberhausen op"]
[Site "Oberhausen"]
[Date "2008.03.24"]
[Round "6"]
[White "Luetke, Jens"]
[Black "Graw, Christopher"]
[Result "1-0"]
[WhiteElo "2330"]
[BlackElo "2217"]
[PlyCount "73"]
[EventDate "2008.03.20"]
[EventType "swiss"]
[EventRounds "7"]
[EventCountry "GER"]
[SourceTitle "CBM 123 Extra"]
[Source "ChessBase"]
[SourceDate "2008.05.06"]
[SourceVersion "1"]
[SourceVersionDate "2008.05.06"]
[SourceQuality "1"]

1. e4 c5 2. Nf3 e6 3. c3 b6 4. d4 Bb7 5. Bd3 cxd4 6. cxd4 Nf6 7. Bg5 Bb4+ 8. Nbd2 h6 9. Bxf6 Qxf6 10. 0-0 Bxd2 11. Qxd2 0-0 12. Rac1 Nc6 13. Bb1 Rac8 14. e5 Qe7 15. a3 d6 16. Qd3 g6 17. h4 dxe5 18. dxe5 Rfd8 19. Qe3 h5 20. Qh6 Qf8 21. Qf4 Rd5 22. Rfe1 Rcd8 23. Be4 Rc5 24. b4 Rxc1 25. Qxc1 Rc8 26. Qf4 Qe7 27. Re3 Rd8 28. Qh6 Qf8 29. Qg5 Rd1+ 30. Kh2 Qd8 31. Rc3 Qd7 32. Bxg6 fxg6 33. Qxg6+ Kf8 34. Ng5 Nxe5 35. Qf6+ Nf7 36. Nxf7 Qxf7 37. Qxf7+ 1-0

[Event "Oberhausen op"]
[Site "Oberhausen"]
[Date "2008.??.??"]
[Round "4"]
[White "Becker, Marcel"]
[Black "Graw, Christopher"]
[Result "1/2-1/2"]
[WhiteElo "2360"]
[BlackElo "2217"]
[PlyCount "65"]
[EventDate "2008.03.20"]
[EventType "swiss"]
[EventRounds "7"]
[EventCountry "GER"]
[SourceTitle "CBM 123 Extra"]
[Source "ChessBase"]
[SourceDate "2008.05.06"]
[SourceVersion "1"]
[SourceVersionDate "2008.05.06"]
[SourceQuality "1"]

1. d4 d6 2. c4 e5 3. d5 g6 4. Nc3 Bg7 5. e4 a5 6. Bd3 Na6 7. Nge2 f5 8. exf5 gxf5 9. Ng3 e4 10. Bc2 Nf6 11. Ba4+ Kf8 12. 0-0 Ng4 13. h3 Ne5 14. Nh5 Rg8 15. Nxg7 Kxg7 16. Qh5 Kh8 17. Be3 Qf6 18. Rad1 Nc5 19. f4 exf3 20. Rxf3 Nxa4 21. Nxa4 Bd7 22. Nc3 Be8 23. Qxf5 Qg7 24. Rf2 Bd7 25. Qh5 Raf8 26. Bh6 Nf3+ 27. Qxf3 Qxh6 28. Qe4 Rxf2 29. Kxf2 Qf6+ 30. Qf3 Qh4+ 31. g3 Qh6 32. Rd4 Qxh3 33. Qf6+ 1/2-1/2

[Event "Oberhausen op"]
[Site "Oberhausen"]
[Date "2008.??.??"]
[Round "5"]
[White "Graw, Christopher"]
[Black "Michalczak, Thomas"]
[Result "1/2-1/2"]
[WhiteElo "2217"]
[BlackElo "2340"]
[PlyCount "86"]
[EventDate "2008.03.20"]
[EventType "swiss"]
[EventRounds "7"]
[EventCountry "GER"]
[SourceTitle "CBM 123 Extra"]
[Source "ChessBase"]
[SourceDate "2008.05.06"]
[SourceVersion "1"]
[SourceVersionDate "2008.05.06"]
[SourceQuality "1"]

1. d4 Nf6 2. c4 c5 3. d5 b5 4. Nf3 bxc4 5. Nc3 d6 6. e4 Nbd7 7. Bxc4 g6 8. 0-0 Bg7 9. h3 Rb8 10. Re1 0-0 11. Qc2 Nh5 12. Bg5 h6 13. Bd2 g5 14. Rab1 Ne5 15. Be2 Nf4 16. Nxe5 Bxe5 17. Bf3 Kh8 18. Ne2 Nxe2+ 19. Bxe2 Rg8 20. Bc3 f6 21. Bg4 Bxg4 22. hxg4 Qd7 23. Bxe5 fxe5 24. f3 h5 25. gxh5 g4 26. Qd2 Kh7 27. fxg4 Qxg4 28. Qe2 Rb4 29. b3 a5 30. Rbc1 Kh6 31. Qe3+ Rg5 32. Rc2 a4 33. bxa4 Rxa4 34. Rf2 Kxh5 35. Qb3 Rb4 36. Qa3 Rxe4 37. Rxe4 Qxe4 38. Qh3+ Qh4 39. Qe6 Rg6 40. Qf5+ Kh6 41. Qf8+ Rg7 42. Qh8+ Rh7 43. Qf8+ Rg7 1/2-1/2

[Event "Recklinghausen op 16th"]
[Site "Recklinghausen"]
[Date "2006.10.12"]
[Round "5"]
[White "Mainka, Romuald"]
[Black "Graw, Christopher"]
[Result "1/2-1/2"]
[WhiteElo "2485"]
[BlackElo "2160"]
[PlyCount "105"]
[EventDate "2006.10.07"]
[EventType "swiss"]
[EventRounds "7"]
[EventCountry "GER"]
[SourceTitle "CBM 114 Extra"]
[Source "ChessBase"]
[SourceDate "2006.11.03"]
[SourceVersion "1"]
[SourceVersionDate "2006.11.03"]
[SourceQuality "1"]

1. e4 c5 2. Nf3 e6 3. d4 cxd4 4. Nxd4 a6 5. Bd3 Nf6 6. 0-0 Qc7 7. Qe2 d6 8. c4 g6 9. Rd1 Bg7 10. Nf3 Nc6 11. Nc3 0-0 12. h3 Nd7 13. Be3 Nde5 14. Rac1 Bd7 15. b3 Rad8 16. Bb1 Bc8 17. Na4 Qb8 18. Nb6 Rfe8 19. Nd4 Ne7 20. f4 N5c6 21. Nf3 e5 22. Qf2 exf4 23. Bxf4 Ne5 24. Rf1 Nxf3+ 25. Qxf3 Bd4+ 26. Be3 Bxe3+ 27. Qxe3 Be6 28. Qf2 Nc6 29. Bd3 Ne5 30. Be2 Qc7 31. b4 Qe7 32. Rfe1 Qf8 33. Bf1 Re7 34. Nd5 Bxd5 35. exd5 Rc8 36. c5 Rec7 37. Rcd1 f6 38. c6 bxc6 39. Bxa6 Ra8 40. Qb6 Qb8 41. Qxb8+ Rxb8 42. dxc6 Rxb4 43. Rxd6 Rxc6 44. Rxc6 Nxc6 45. Re6 Ne5 46. Rxf6 Ra4 47. Bb7 Rxa2 48. Bd5+ Kg7 49. Re6 Ra1+ 50. Kf2 Nd3+ 51. Ke3 Nb4 52. Re7+ Kh6 53. Rd7 1/2-1/2

[Event "Ruhrhalbinsel op"]
[Site "Essen"]
[Date "2006.05.27"]
[Round "5"]
[White "Podzielny, Karl Heinz"]
[Black "Graw, Christopher"]
[Result "1-0"]
[WhiteElo "2451"]
[BlackElo "2164"]
[PlyCount "77"]
[EventDate "2006.05.24"]
[EventType "swiss"]
[EventRounds "7"]
[EventCountry "GER"]
[SourceTitle "EXT 2007"]
[Source "ChessBase"]
[SourceDate "2006.11.23"]
[SourceVersion "1"]
[SourceVersionDate "2006.11.23"]
[SourceQuality "1"]

1. d4 d6 2. g3 e5 3. Nf3 e4 4. Ng5 f5 5. h4 Nf6 6. c4 c6 7. Nc3 Be7 8. b4 Na6 9. Qb3 Nc7 10. e3 Ne6 11. Be2 0-0 12. Nh3 Kh8 13. d5 Nc7 14. Bb2 cxd5 15. cxd5 Nd7 16. Nf4 Bf6 17. Rd1 Qe7 18. Rc1 Be5 19. h5 Nf6 20. a4 Bd7 21. Kf1 Rac8 22. Kg2 Kg8 23. b5 Rfd8 24. b6 axb6 25. Qxb6 Be8 26. Qb3 Bf7 27. Ba1 Na6 28. Qd1 Rc5 29. Nb5 Nxd5 30. Nxd5 Rxd5 31. Nd4 Qf6 32. Rb1 Ra5 33. Rxb7 Nc5 34. Rxf7 Kxf7 35. Nc6 Bxa1 36. Qd5+ Ne6 37. Nxa5 Bc3 38. Nb7 Rd7 39. Bb5 1-0

[Event "Ruhrhalbinsel op"]
[Site "Essen"]
[Date "2006.05.26"]
[Round "4"]
[White "Graw, Christopher"]
[Black "Degner, Friedhelm"]
[Result "1-0"]
[WhiteElo "2164"]
[BlackElo "1849"]
[PlyCount "55"]
[EventDate "2006.05.24"]
[EventType "swiss"]
[EventRounds "7"]
[EventCountry "GER"]
[SourceTitle "EXT 2007"]
[Source "ChessBase"]
[SourceDate "2006.11.23"]
[SourceVersion "1"]
[SourceVersionDate "2006.11.23"]
[SourceQuality "1"]

1. d4 Nf6 2. c4 e5 3. dxe5 Ne4 4. a3 Nc6 5. Nf3 d6 6. Qc2 Bf5 7. Nc3 Ng3 8. e4 Nxh1 9. exf5 dxe5 10. Be3 Qe7 11. 0-0-0 Rd8 12. Nd5 Qd6 13. c5 Qxd5 14. Rxd5 Rxd5 15. Bc4 Rd7 16. Qe4 Be7 17. Bb5 0-0 18. Nxe5 Rdd8 19. Bxc6 Bg5 20. Bxg5 Rd1+ 21. Kxd1 Nxf2+ 22. Kc2 Nxe4 23. Bxe4 f6 24. Bd5+ Kh8 25. Nf7+ Kg8 26. Bf4 c6 27. Be6 h6 28. Nd6+ 1-0

[Event "Ruhrhalbinsel op"]
[Site "Essen"]
[Date "2006.05.25"]
[Round "2"]
[White "Graw, Christopher"]
[Black "Tkachuk, Konstantyn"]
[Result "1/2-1/2"]
[WhiteElo "2164"]
[BlackElo "1957"]
[PlyCount "44"]
[EventDate "2006.05.24"]
[EventType "swiss"]
[EventRounds "7"]
[EventCountry "GER"]
[SourceTitle "EXT 2007"]
[Source "ChessBase"]
[SourceDate "2006.11.23"]
[SourceVersion "1"]
[SourceVersionDate "2006.11.23"]
[SourceQuality "1"]

1. e4 c5 2. d4 cxd4 3. Nf3 d6 4. Nxd4 Nf6 5. Nc3 g6 6. Be3 Bg7 7. f3 0-0 8. Qd2 Nc6 9. 0-0-0 d5 10. exd5 Nxd5 11. Nxc6 bxc6 12. Bd4 e5 13. Bc5 Be6 14. Ne4 Re8 15. h4 h6 16. g4 a5 17. g5 h5 18. a4 Qc7 19. Bc4 Red8 20. Qf2 Rab8 21. Rhe1 Qb7 22. b3 Qc7 1/2-1/2